Water for People, Water for Life /

Guardado en:
Bibliografiske detaljer
Institution som forfatter: ONU. World Water Assessment Programme
Andre forfattere: Annan, Kofi A. (prólogo) (prólogo), Matsuura, Koïchiro (prólogo) (prólogo)
Format: Bog
Sprog:engelsk
Udgivet: París, Francia : Nueva York, EUA : UNESCO ; Berghahn Books, 2003, c2003
Serier:(The United Nations World Water Development Report ; 1)
Fag:
Tags: Tilføj Tag
Ingen Tags, Vær først til at tagge denne postø!

MARC

LEADER 00000nam^a2200000^a^4500
001 000160937
005 20250521000000.0
009 20260310100741.29
020 |a 92-3-103881-8 
037 |a Acervo ITESO - Biblioteca 
041 |a ING 
082 |a 333. 91  |b ONU 2003 
110 |a ONU.  |b World Water Assessment Programme 
245 1 0 |a Water for People, Water for Life /  |c ONU, World Water Assessment Programme ; pról. de K.A. Annan, K. Matsuura ; pref. de Gordon Young. 
264 4 |a París, Francia :  |b UNESCO ;  |a Nueva York, EUA :  |b Berghahn Books,  |c 2003, c2003 
300 |a XIII, 576 p. 
336 |a texto  |b txt  |2 rdacontenido 
337 |a sin mediación  |b n  |2 rdamedio 
338 |a volumen  |b nc  |2 rdasoporte 
440 4 |a (The United Nations World Water Development Report ;  |v 1) 
649 |a XX 
650 |a Agua -  |x Abastecimiento -  |x Tema Principal 
650 |a Calidad del Agua -  |x Tema Principal 
650 |a Problemas Sociales 
650 |a Recursos Naturales -  |x Administración 
650 |a Desarrollo Sustentable 
650 |a Conservación y Protección Ambiental 
650 |a Ecología 
650 |a Economía Internacional -  |x Informes 
700 |a Annan, Kofi A.  |e (prólogo) 
700 |a Matsuura, Koïchiro  |e (prólogo) 
910 |a Fondo General 
920 |a Impresos - Libros 
930 |a Obras de Referencia 
905 |a 102 
901 |a 0500092540  |b IT2  |c REF  |u 20250521 
902 |a https://opac.biblio.iteso.mx/vufind/Record/000160937